00725nam a22001817a 4500008004100000020001500041050002500056245017200081260004300253300002300296440002200319700001900341700001600360700001500376942001200391999001600403952012400419140822b xxu||||| |||| 00| 0 eng d a0406092508 aKD275.4.L39(1970 AC) aThe Law Reports, Appeal Cases(1970): House of Lords and Judicial Committee of the Privy Council and Peerage Cases. /cedited by R.H. Graveson, C.J. Ellis and A.H. Bray aLondon:bButterworth & Co. Ltd,c1970. axii, 1170p.c24cm. pAppeal cases 1970 aGraveson, R.H. aEllis, C.J. aBray, A.H. 2lcccBK c3694d11194 00102lcc4070aWIUC-1bWIUC-1cLLd2014-08-22l0oKD275.4.L39(1970)p1527/514/14r2014-08-22 00:00:00w2014-08-22yBK